Geomatics (Record no. 106468)
[ view plain ]
| 000 -LEADER | |
|---|---|
| fixed length control field | 00700cam a2200169 4500 |
| 001 - CONTROL NUMBER | |
| control field | L136666 |
| 008 - FIXED-LENGTH DATA ELEMENTS--GENERAL INFORMATION | |
| fixed length control field | 070214n2000 000 0 eng u |
| 035 ## - SYSTEM CONTROL NUMBER | |
| System control number | (Sirsi) u136666 |
| 041 0# - LANGUAGE CODE | |
| Language code of text/sound track or separate title | eng |
| 110 2# - MAIN ENTRY--CORPORATE NAME | |
| Corporate name or jurisdiction name as entry element | Royal Institution of Chartered Surveyors |
| Subordinate unit | Geomatics Faculty |
| 9 (RLIN) | 4352 |
| 245 ## - TITLE STATEMENT | |
| Title | Geomatics |
| Remainder of title | insight into the profession |
| 260 ## - PUBLICATION, DISTRIBUTION, ETC. | |
| Place of publication, distribution, etc. | London |
| Name of publisher, distributor, etc. | RICS |
| Date of publication, distribution, etc. | 2000 |
| 520 ## - SUMMARY, ETC. | |
| Summary, etc. | Provides a guide to different professions within the area of geomatics and includes case studies of both chartered land surveyors and a manager of geodesy, photogrammetry and remote sensing at the UK Hydrographic Office. |
| 651 #4 - SUBJECT ADDED ENTRY--GEOGRAPHIC NAME | |
| Geographic name | International |
| 690 ## - LOCAL SUBJECT ADDED ENTRY--TOPICAL TERM (OCLC, RLIN) | |
| Topical term or geographic name as entry element | ENVIRONMENTAL AND LAND CONSULTANCY-GEOMATICS |
| 942 ## - ADDED ENTRY ELEMENTS (KOHA) | |
| Suppress in OPAC | 0 |
| Withdrawn status | Lost status | Source of classification or shelving scheme | Damaged status | Not for loan | Home library | Current library | Shelving location | Date acquired | Total Checkouts | Full call number | Barcode | Date last seen | Copy number | Price effective from | Koha item type |
|---|---|---|---|---|---|---|---|---|---|---|---|---|---|---|---|
| Dewey Decimal Classification | London | London | RICS Boxes | 14/02/2007 | RICS 2000/88 | 30070108 | 06/08/2019 | 1 | 06/08/2019 | Archive | |||||
| Dewey Decimal Classification | London | London | RICS Boxes | 14/02/2007 | RICS 2000/88 | 30070104 | 06/08/2019 | 2 | 06/08/2019 | Reference material | |||||
| Dewey Decimal Classification | London | London | RICS Boxes | 14/02/2007 | RICS 2000/88 | 30070112 | 06/08/2019 | 3 | 06/08/2019 | Reference material |